European Competitions Top 5 Scorers: 2006/07 - Statistics

General Stats
  • This quiz has been taken 4 times
  • The average score is 5 of 10
Answer Stats
Competition Goals Club Nationality Player % Correct
Champions League 6 Chelsea Ivory Coast Didier Drogba
100%
Champions League 6 Real Madrid Netherlands Ruud van Nistelrooy
100%
UEFA Cup 7 Tottenham Bulgaria Dimitar Berbatov
75%
Champions League 10 Milan Brazil Kaka
75%
Champions League 6 Valencia Spain Fernando Morientes
25%
UEFA Cup 7 Ajax Netherlands Klaas-Jan Huntelaar
25%
Champions League 6 Liverpool England Peter Crouch
25%
UEFA Cup 7 AZ Alkmaar Georgia Shota Arveladze
25%
UEFA Cup 8 Dinamo Bucharest Romania Claudiu Niculescu
0%
UEFA Cup 11 Espanyol Uruguay Walter Pandiani
0%
No matching quizzes found
Score Distribution
Percent of People with Each Score
Percentile by Number Answered
Your Score History
You have not taken this quiz